Understanding the situation of elderly citizens in Bhutan / (Record no. 7581)

MARC details
000 -LEADER
fixed length control field 00647cam a2200193 4500
001 - CONTROL NUMBER
control field 8748
005 - DATE AND TIME OF LATEST TRANSACTION
control field 20181127190639.0
008 - FIXED-LENGTH DATA ELEMENTS--GENERAL INFORMATION
fixed length control field 180124s2017 bt 000 0 eng
010 ## - LIBRARY OF CONGRESS CONTROL NUMBER
LC control number 2017350161
100 ## - MAIN ENTRY--PERSONAL NAME
Personal name Dorji, Lham.
Numeration
Titles and words associated with a name
Dates associated with a name
Relator term
Fuller form of name
245 00 - TITLE STATEMENT
Title Understanding the situation of elderly citizens in Bhutan /
Statement of responsibility, etc. Lham Dorji, Cheda Jamtsho, Tashi Norbu and Garul Dhoj Bhujel.
264 #1 - PRODUCTION, PUBLICATION, DISTRIBUTION, MANUFACTURE, AND COPYRIGHT NOTICE
Place of production, publication, distribution, manufacture Thimphu :
Name of producer, publisher, distributor, manufacturer National Statistics Bureau,
Date of production, publication, distribution, manufacture, or copyright notice 2017.
300 ## - PHYSICAL DESCRIPTION
Extent 317 pages
336 ## - CONTENT TYPE
Content type term text
Content type code txt
Source rdacontent
337 ## - MEDIA TYPE
Media type term unmediated
Media type code n
Source rdamedia
338 ## - CARRIER TYPE
Carrier type term volume
Carrier type code nc
Source rdacarrier
650 ## - SUBJECT ADDED ENTRY--TOPICAL TERM
Topical term or geographic name entry element Aging -- Bhutan.
Form subdivision
General subdivision
Chronological subdivision
Geographic subdivision
Source of heading or term
Holdings
Withdrawn status Lost status Source of classification or shelving scheme Damaged status Not for loan Collection code Home library Current library Shelving location Date acquired Serial Enumeration / chronology Inventory number Total Checkouts Full call number Barcode Date last seen Price effective from Koha item type
    Dewey Decimal Classification     Main TEST RTC Library RTC Library Main opac 12/01/2022 13237   305.2 DOR 30013215 12/01/2022 27/11/2018 Main
Royal Thimphu College || All Right Reserved